000 00413pab a2200157 454500
008 180718b2011 xxu||||| |||| 00| 0 eng d
100 _aSaxena, K.B.
245 _aLeftwing militant radicalism, state and civil society: Diverse perspectives but common concern
260 _c2011
300 _ap.22-31.
362 _a17 Sep
650 _aCivil society
773 _aMainstream
908 _aN
909 _a93187
999 _c93187
_d93187